[Event "Titled Tuesday intern op 21st July"]
[Site "Chess.com INT"]
[Date "2020.07.21"]
[Round "7"]
[White "Iskusnyh, Sergei"]
[Black "Miroshnichenko, Pavel"]
[Result "1-0"]
[WhiteElo "2473"]
[BlackElo "2239"]
[PlyCount "53"]
[EventDate "2020.07.21"]
[EventType "swiss (blitz)"]
[EventRounds "10"]
[EventCountry "USA"]
[SourceTitle "CBM 197 Extra"]
[Source "ChessBase"]
[SourceDate "2020.09.30"]
[SourceVersion "1"]
[SourceVersionDate "2020.09.30"]
[SourceQuality "1"]

1. d4 Nf6 2. c4 c6 3. Nf3 d5 4. e3 g6 5. Nc3 Bg7 6. Be2 0-0 7. 0-0 Bf5 8. Bd2 Ne4 9. Rc1 Nxd2 10. Qxd2 dxc4 11. Bxc4 e5 12. Rfd1 e4 13. Ne1 Nd7 14. Nc2 h5 15. b4 Qg5 16. Na1 h4 17. Bf1 Rad8 18. Nb3 Ne5 19. Qc2 h3 20. dxe5 hxg2 21. Bxg2 Bxe5 22. Nxe4 Qh4 23. f4 Bc7 24. Nd4 Bg4 25. Re1 Rfe8 26. Qf2 Qh5 27. Nf6+ 1-0

[Event "Titled Tuesday intern op 21st July"]
[Site "Chess.com INT"]
[Date "2020.07.21"]
[Round "9"]
[White "Miroshnichenko, Pavel"]
[Black "Havanecz, Bianka"]
[Result "1-0"]
[WhiteElo "2239"]
[BlackElo "2251"]
[PlyCount "73"]
[EventDate "2020.07.21"]
[EventType "swiss (blitz)"]
[EventRounds "10"]
[EventCountry "USA"]
[SourceTitle "CBM 197 Extra"]
[Source "ChessBase"]
[SourceDate "2020.09.30"]
[SourceVersion "1"]
[SourceVersionDate "2020.09.30"]
[SourceQuality "1"]

1. e4 c5 2. Nf3 d6 3. d4 cxd4 4. Nxd4 Nf6 5. Nc3 a6 6. f4 e5 7. Nf3 Nc6 8. fxe5 dxe5 9. Qxd8+ Kxd8 10. Bg5 Be7 11. 0-0-0+ Ke8 12. Bc4 h6 13. Bxf6 Bxf6 14. Nd5 Bd8 15. Rhf1 Be6 16. c3 b5 17. Bb3 Rc8 18. Kb1 h5 19. h3 Rh6 20. Ne3 Bxb3 21. axb3 Re6 22. Nf5 Kf8 23. Rd5 g6 24. Nd6 Rc7 25. Rfd1 Kg7 26. c4 bxc4 27. bxc4 Bf6 28. g4 hxg4 29. hxg4 Rc8 30. g5 Rxd6 31. Rxd6 Be7 32. Rd7 Bc5 33. R1d5 Bd4 34. R5d6 Nb4 35. Rf6 Rxc4 36. Rdxf7+ Kg8 37. Rf8+ 1-0

[Event "Titled Tuesday intern op 14th July"]
[Site "Chess.com INT"]
[Date "2020.07.14"]
[Round "10"]
[White "Miroshnichenko, Pavel"]
[Black "Kalavannan, Koby"]
[Result "0-1"]
[WhiteElo "2239"]
[BlackElo "2324"]
[PlyCount "56"]
[EventDate "2020.07.14"]
[EventType "swiss (blitz)"]
[EventRounds "10"]
[EventCountry "USA"]
[SourceTitle "CBM 197 Extra"]
[Source "ChessBase"]
[SourceDate "2020.09.30"]
[SourceVersion "1"]
[SourceVersionDate "2020.09.30"]
[SourceQuality "1"]

1. e4 c5 2. Nf3 Nc6 3. Nc3 g6 4. d4 cxd4 5. Nxd4 Bg7 6. Be3 Nf6 7. Bc4 0-0 8. Bb3 Re8 9. 0-0 d6 10. h3 Na5 11. f4 b6 12. e5 Nxb3 13. exf6 exf6 14. axb3 Rxe3 15. Nd5 Re8 16. Nc6 Qd7 17. Qf3 Bb7 18. Nd4 f5 19. Ra4 b5 20. Rb4 a5 21. Nb6 Bxf3 22. Nxd7 axb4 23. Nxf3 Ra6 24. Rd1 Bxb2 25. Rd5 Re7 26. Nb8 Rb6 27. Ne1 Rxe1+ 28. Kf2 Re7 0-1

[Event "Titled Tuesday intern op 30th June"]
[Site "Chess.com INT"]
[Date "2020.06.30"]
[Round "1"]
[White "Dreev, Alexey"]
[Black "Miroshnichenko, Pavel"]
[Result "1/2-1/2"]
[WhiteElo "2655"]
[BlackElo "2239"]
[PlyCount "102"]
[EventDate "2020.06.30"]
[EventType "swiss (blitz)"]
[EventRounds "10"]
[EventCountry "USA"]
[SourceTitle "CBM 197 Extra"]
[Source "ChessBase"]
[SourceDate "2020.09.30"]
[SourceVersion "1"]
[SourceVersionDate "2020.09.30"]
[SourceQuality "1"]

1. d4 Nf6 2. c4 e5 3. dxe5 Ng4 4. Bf4 Bb4+ 5. Nd2 Nc6 6. Ngf3 Qe7 7. e3 Ngxe5 8. Nxe5 Nxe5 9. Be2 0-0 10. 0-0 Bxd2 11. Qxd2 d6 12. Rac1 Be6 13. c5 Ng6 14. cxd6 cxd6 15. Bxd6 Rfd8 16. Rfd1 Qg5 17. f4 Qh4 18. Bf3 Bg4 19. Qf2 Bxf3 20. Qxf3 Qf6 21. Ba3 Qb6 22. Qf2 h6 23. h3 a6 24. b3 Rac8 25. Rxc8 Rxc8 26. Bb2 Qa5 27. Bd4 Qc7 28. g3 Ne7 29. e4 Nc6 30. Be3 Rd8 31. Rxd8+ Qxd8 32. Qd2 Qe7 33. e5 Qa3 34. Kg2 Qe7 35. g4 h5 36. Kg3 hxg4 37. hxg4 g6 38. Qc3 g5 39. fxg5 Nxe5 40. Qc8+ Kh7 41. Bd4 Ng6 42. Qf5 Qd6+ 43. Kh3 Qxd4 44. Qxf7+ Qg7 45. Qf5 Qc3+ 46. Kh2 Qd2+ 47. Kh3 Qe3+ 48. Kh2 Qe2+ 49. Kh3 Qe3+ 50. Kh2 Qe2+ 51. Kh3 Qe3+ 1/2-1/2

[Event "Titled Tuesday intern op 30th June"]
[Site "Chess.com INT"]
[Date "2020.06.30"]
[Round "7"]
[White "Miroshnichenko, Pavel"]
[Black "Josse, Mark"]
[Result "1-0"]
[WhiteElo "2239"]
[BlackElo "2235"]
[PlyCount "55"]
[EventDate "2020.06.30"]
[EventType "swiss (blitz)"]
[EventRounds "10"]
[EventCountry "USA"]
[SourceTitle "CBM 197 Extra"]
[Source "ChessBase"]
[SourceDate "2020.09.30"]
[SourceVersion "1"]
[SourceVersionDate "2020.09.30"]
[SourceQuality "1"]

1. e4 e5 2. Nf3 Nc6 3. Bb5 a6 4. Ba4 Nf6 5. 0-0 Be7 6. Re1 b5 7. Bb3 0-0 8. h3 Bb7 9. a4 d5 10. exd5 Nxd5 11. d3 Nf4 12. Bxf4 exf4 13. c3 Qd6 14. d4 Na5 15. Ba2 Bf6 16. Nbd2 c5 17. axb5 cxd4 18. Ne4 Bxe4 19. Rxe4 d3 20. b4 Nb7 21. Nd4 axb5 22. Qxd3 Rfd8 23. Qxb5 Qc7 24. Rae1 Nd6 25. Qc6 Nxe4 26. Qxc7 Nxc3 27. Bxf7+ Kf8 28. Ne6# 1-0

[Event "Titled Tuesday intern op 16th June"]
[Site "Chess.com INT"]
[Date "2020.06.16"]
[Round "10"]
[White "Miroshnichenko, Pavel"]
[Black "Seul, Georg"]
[Result "1/2-1/2"]
[WhiteElo "2239"]
[BlackElo "2372"]
[PlyCount "139"]
[EventDate "2020.06.16"]
[EventType "swiss (blitz)"]
[EventRounds "10"]
[EventCountry "USA"]
[SourceTitle "EXT 2021"]
[Source "ChessBase"]
[SourceDate "2020.10.23"]
[SourceVersion "1"]
[SourceVersionDate "2020.10.23"]
[SourceQuality "1"]

1. e4 e5 2. Nf3 Nc6 3. Nc3 Nf6 4. g3 Bc5 5. Bg2 d6 6. 0-0 a6 7. d3 h6 8. Be3 Bxe3 9. fxe3 Ne7 10. Nh4 c6 11. d4 Qb6 12. Rb1 Be6 13. Nf5 Bxf5 14. exf5 0-0 15. Na4 Qa5 16. c4 Rad8 17. b4 Qc7 18. Qe2 d5 19. c5 Rfe8 20. Qb2 Nc8 21. Nc3 Re7 22. a4 Na7 23. b5 axb5 24. axb5 Nc8 25. bxc6 bxc6 26. Qb8 Qxb8 27. Rxb8 Rde8 28. Ra1 exd4 29. exd4 Na7 30. Rxe8+ Nxe8 31. Kf2 Nf6 32. h3 Kf8 33. g4 Ke8 34. Na4 Kd8 35. Nb6 Ne8 36. h4 Nf6 37. Kg3 Rb7 38. g5 hxg5 39. hxg5 Nd7 40. Ra6 Nxb6 41. cxb6 Nc8 42. f6 gxf6 43. gxf6 Rxb6 44. Ra8 Kc7 45. Bh3 Nd6 46. Ra7+ Rb7 47. Rxb7+ Kxb7 48. Kf4 Kc7 49. Ke5 Nc4+ 50. Kf4 Kd8 51. Kg5 Nd6 52. Kh6 Ke8 53. Kg7 Nb5 54. Kg8 Nxd4 55. Bg4 c5 56. Bh5 Kd8 57. Bxf7 Nf5 58. Bxd5 Kd7 59. Be4 Nd6 60. Bd3 Kc7 61. Kf8 Kd7 62. Kg7 Kd8 63. Kg6 Kd7 64. Bc2 Kd8 65. Ba4 Kc7 66. f7 Nxf7 67. Kxf7 c4 68. Ke6 c3 69. Kd5 c2 70. Bxc2 1/2-1/2

[Event "Titled Tuesday intern op 16th June"]
[Site "Chess.com INT"]
[Date "2020.06.16"]
[Round "7"]
[White "Narva, Regina R"]
[Black "Miroshnichenko, Pavel"]
[Result "0-1"]
[WhiteElo "1905"]
[BlackElo "2239"]
[PlyCount "96"]
[EventDate "2020.06.16"]
[EventType "swiss (blitz)"]
[EventRounds "10"]
[EventCountry "USA"]
[SourceTitle "EXT 2021"]
[Source "ChessBase"]
[SourceDate "2020.10.23"]
[SourceVersion "1"]
[SourceVersionDate "2020.10.23"]
[SourceQuality "1"]

1. e4 e5 2. Nc3 Nc6 3. f4 exf4 4. Nf3 Be7 5. d4 Bh4+ 6. Ke2 d6 7. Bxf4 Bg4 8. g3 Bf6 9. Be3 h5 10. Bg2 h4 11. Kd2 h3 12. Bf1 Bxd4 13. Bxd4 Nxd4 14. Be2 Bxf3 15. Bxf3 Qg5+ 16. Kd3 Nc6 17. Be2 Nb4+ 18. Kc4 a5 19. a4 Ne7 20. Nd5 Nexd5 21. exd5 Qe3 22. Bf3 0-0 23. c3 Na6 24. Kb3 Nc5+ 25. Ka3 Nd3 26. Qe2 Qc5+ 27. Kb3 Qb6+ 28. Kc2 Nc5 29. Qf2 Qb3+ 30. Kb1 Nxa4 31. Kc1 Nc5 32. Bd1 Qb6 33. Rf1 Nd3+ 34. Kc2 Nxf2 35. Rxf2 Qxf2+ 36. Kb3 Qxh2 37. Ka2 Qxg3 38. Bb3 h2 39. Rd1 a4 40. Rd4 axb3+ 41. Kxb3 h1Q 42. Rb4 Qd1+ 43. Kc4 Qge1 44. Kb5 Qee2+ 45. c4 Qdd3 46. b3 c6+ 47. Kb6 c5 48. Rb5 Qb2 0-1

[Event "Titled Tuesday intern op 16th June"]
[Site "Chess.com INT"]
[Date "2020.06.16"]
[Round "1"]
[White "Rychkov, Oleg"]
[Black "Miroshnichenko, Pavel"]
[Result "1-0"]
[WhiteElo "2407"]
[BlackElo "2239"]
[PlyCount "95"]
[EventDate "2020.06.16"]
[EventType "swiss (blitz)"]
[EventRounds "10"]
[EventCountry "USA"]
[SourceTitle "EXT 2021"]
[Source "ChessBase"]
[SourceDate "2020.10.23"]
[SourceVersion "1"]
[SourceVersionDate "2020.10.23"]
[SourceQuality "1"]

1. e4 e5 2. Nf3 Nc6 3. d4 exd4 4. Nxd4 Bb4+ 5. c3 Bc5 6. Be3 Bb6 7. Nd2 Nf6 8. Bd3 Ne5 9. Be2 d5 10. Bg5 c5 11. N4f3 Nxf3+ 12. Bxf3 dxe4 13. Nxe4 Qxd1+ 14. Rxd1 Nxe4 15. Bxe4 0-0 16. 0-0 Bg4 17. f3 Be6 18. Bxb7 Rab8 19. Bd5 Rfe8 20. Rfe1 c4+ 21. Kf1 Bxd5 22. Rxe8+ Rxe8 23. Rxd5 f6 24. Bh4 Kf7 25. Bf2 Rb8 26. Rb5 Rd8 27. Bxb6 axb6 28. Rxb6 Rd2 29. a4 Rd1+ 30. Kf2 Rd2+ 31. Kg3 h5 32. h4 g5 33. a5 Rd5 34. a6 Ra5 35. Rc6 Kg6 36. hxg5 Kxg5 37. Rxc4 Rxa6 38. b4 f5 39. f4+ Kg6 40. b5 Ra2 41. Rc6+ Kg7 42. b6 Rb2 43. c4 h4+ 44. Kh3 Rb3+ 45. Kxh4 Rb4 46. Kg5 Rb3 47. Rc7+ Kg8 48. b7 1-0

[Event "Titled Tuesday intern op 9th June"]
[Site "Chess.com INT"]
[Date "2020.06.09"]
[Round "8"]
[White "Hernandez Jimenez, Alexander Andres"]
[Black "Miroshnichenko, Pavel"]
[Result "1-0"]
[WhiteElo "2132"]
[BlackElo "2239"]
[PlyCount "121"]
[EventDate "2020.06.09"]
[EventType "swiss (blitz)"]
[EventRounds "10"]
[EventCountry "USA"]
[SourceTitle "CBM 196 Extra"]
[Source "ChessBase"]
[SourceDate "2020.07.31"]
[SourceVersion "1"]
[SourceVersionDate "2020.07.31"]
[SourceQuality "1"]

1. e4 e5 2. Nf3 Nc6 3. Bc4 Bc5 4. 0-0 Nf6 5. d3 d6 6. c3 a6 7. Bb3 0-0 8. Nbd2 Ne7 9. Re1 Ng6 10. Nf1 h6 11. d4 Bb6 12. h3 c6 13. Ng3 Re8 14. dxe5 dxe5 15. Be3 Bxe3 16. Rxe3 Qc7 17. Nf5 Bxf5 18. exf5 Nf4 19. Qe1 e4 20. Nd2 Qe5 21. Bc2 N4d5 22. Re2 e3 23. fxe3 Nxe3 24. Nc4 Nxc2 25. Nxe5 Nxe1 26. Raxe1 Rad8 27. Kf2 Rd5 28. g4 h5 29. Kf3 hxg4+ 30. hxg4 Red8 31. g5 Nh7 32. g6 fxg6 33. fxg6 Ng5+ 34. Kg4 Ne6 35. Nxc6 Rg5+ 36. Kh4 bxc6 37. Rxe6 Rf5 38. Re8+ Rf8 39. Rxd8 Rxd8 40. Re6 Rc8 41. Kg5 Kf8 42. Kf5 a5 43. Ke5 Rb8 44. b3 a4 45. bxa4 Ra8 46. Rxc6 Rxa4 47. Rc8+ Ke7 48. Rc7+ Kf8 49. Rf7+ Kg8 50. Kd5 Rxa2 51. Re7 Kf8 52. Re6 Ra5+ 53. Kd4 Rf5 54. c4 Rf6 55. Rxf6+ gxf6 56. Ke4 Kg7 57. Kf5 Kh6 58. Kxf6 Kh5 59. g7 Kh6 60. g8Q Kh5 61. Qg5# 1-0

[Event "Titled Tuesday intern op 9th June"]
[Site "Chess.com INT"]
[Date "2020.06.09"]
[Round "3"]
[White "Miroshnichenko, Pavel"]
[Black "Aravindh, Chithambaram VR"]
[Result "1/2-1/2"]
[WhiteElo "2239"]
[BlackElo "2641"]
[PlyCount "131"]
[EventDate "2020.06.09"]
[EventType "swiss (blitz)"]
[EventRounds "10"]
[EventCountry "USA"]
[SourceTitle "CBM 196 Extra"]
[Source "ChessBase"]
[SourceDate "2020.07.31"]
[SourceVersion "1"]
[SourceVersionDate "2020.07.31"]
[SourceQuality "1"]

1. Nf3 Nf6 2. d4 g6 3. c4 Bg7 4. Nc3 0-0 5. e4 d6 6. h3 e5 7. d5 Nh5 8. g3 f5 9. Ng5 f4 10. g4 Qxg5 11. gxh5 gxh5 12. Be2 Kh8 13. Bxh5 Nd7 14. h4 Qh6 15. Nb5 Nf6 16. Bf3 Rf7 17. Bd2 a6 18. Nc3 Bd7 19. Qe2 Rg8 20. 0-0-0 Bf8 21. Rdf1 Rfg7 22. Qd1 Bg4 23. Kb1 Bxf3 24. Qxf3 Qh5 25. Qh3 Rg4 26. Be1 Nxe4 27. Nxe4 Rxh4 28. Qd3 Rxh1 29. Nf6 Rxf1 30. Nxh5 Rxe1+ 31. Kc2 Rg6 32. Kb3 Rg5 33. Nf6 Rg3 34. fxg3 Re3 35. Qxe3 fxe3 36. Kc2 Bh6 37. Kd3 Bg5 38. Ne8 Bd8 39. c5 dxc5 40. d6 cxd6 41. Nxd6 Bf6 42. Nxb7 c4+ 43. Kxe3 e4 44. Nd6 Bxb2 45. Nxc4 Bc3 46. Kxe4 Kg7 47. Kf5 Bd4 48. a4 Ba7 49. g4 Bb8 50. Na5 Bc7 51. Nc6 Bd6 52. Nd4 Kf7 53. g5 Bc5 54. Ne6 Bd6 55. Nd8+ Ke8 56. Nb7 Be7 57. Na5 Kd7 58. Nc4 Kc6 59. Ne5+ Kc5 60. Nd7+ Kb4 61. Nb8 Bxg5 62. Nxa6+ Kxa4 63. Nc5+ Ka5 64. Kxg5 Kb5 65. Kh6 Kc6 66. Kxh7 1/2-1/2

[Event "Titled Tuesday intern op 26th May"]
[Site "Chess.com INT"]
[Date "2020.05.26"]
[Round "4"]
[White "Korchmar, Vasiliy"]
[Black "Miroshnichenko, Pavel"]
[Result "1-0"]
[WhiteElo "2451"]
[BlackElo "2239"]
[PlyCount "71"]
[EventDate "2020.05.26"]
[EventType "swiss (blitz)"]
[EventRounds "10"]
[EventCountry "USA"]
[SourceTitle "CBM 196 Extra"]
[Source "ChessBase"]
[SourceDate "2020.07.31"]
[SourceVersion "1"]
[SourceVersionDate "2020.07.31"]
[SourceQuality "1"]

1. d4 Nf6 2. c4 g6 3. Nc3 d5 4. Nf3 Bg7 5. Bf4 0-0 6. e3 Be6 7. c5 c6 8. Bd3 Bg4 9. h3 Bxf3 10. Qxf3 Nbd7 11. 0-0 Nh5 12. Bh2 e5 13. Qd1 f5 14. Be2 exd4 15. exd4 Nhf6 16. b4 a6 17. a4 Ne4 18. Nxe4 fxe4 19. Bd6 Rf7 20. b5 Qf6 21. bxc6 bxc6 22. Qb3 Qxd4 23. Qb7 Re8 24. Qxc6 Rxf2 25. Rxf2 Qxa1+ 26. Rf1 Qd4+ 27. Kh1 Rd8 28. Be7 Qe3 29. Bxa6 Rf8 30. Qxd5+ Kh8 31. Qxd7 Rxf1+ 32. Bxf1 h5 33. Qe8+ Kh7 34. Qf7 Qc3 35. Bf8 e3 36. Qxg7+ 1-0

[Event "Titled Tuesday intern op 26th May"]
[Site "Chess.com INT"]
[Date "2020.05.26"]
[Round "6"]
[White "Miroshnichenko, Pavel"]
[Black "Magallanes, Rey Jomar"]
[Result "0-1"]
[WhiteElo "2239"]
[BlackElo "2036"]
[PlyCount "64"]
[EventDate "2020.05.26"]
[EventType "swiss (blitz)"]
[EventRounds "10"]
[EventCountry "USA"]
[SourceTitle "CBM 196 Extra"]
[Source "ChessBase"]
[SourceDate "2020.07.31"]
[SourceVersion "1"]
[SourceVersionDate "2020.07.31"]
[SourceQuality "1"]

1. e4 c5 2. Nf3 d6 3. d4 cxd4 4. Nxd4 a6 5. f4 e6 6. Bd3 b5 7. a4 b4 8. 0-0 Bb7 9. Kh1 Nd7 10. f5 e5 11. Nf3 Ngf6 12. Qe2 Nc5 13. Bg5 Be7 14. Bxf6 Bxf6 15. Nbd2 0-0 16. Bc4 Re8 17. b3 d5 18. Bd3 Nxd3 19. cxd3 Rc8 20. Rac1 Rc3 21. Nb1 Rxb3 22. Qa2 Rxd3 23. Ne1 dxe4 24. Nxd3 exd3 25. Qc4 a5 26. Qb5 Bd5 27. Rc5 Ba8 28. Nd2 e4 29. Nc4 e3 30. Nxe3 Rxe3 31. Rfc1 d2 32. Rf1 d1Q 0-1

[Event "Krakow op-A 30th"]
[Site "Krakow"]
[Date "2019.12.28"]
[Round "2"]
[White "Miroshnichenko, Pavel"]
[Black "Grinev, Valeriy"]
[Result "1/2-1/2"]
[WhiteElo "2270"]
[BlackElo "2441"]
[PlyCount "120"]
[EventDate "2019.12.27"]
[EventType "swiss"]
[EventRounds "9"]
[EventCountry "POL"]
[SourceTitle "CBM 194 Extra"]
[Source "ChessBase"]
[SourceDate "2020.03.31"]
[SourceVersion "1"]
[SourceVersionDate "2020.03.31"]
[SourceQuality "1"]

1. d4 Nf6 2. Nf3 g6 3. c4 Bg7 4. Nc3 0-0 5. e4 d6 6. h3 Na6 7. Be3 c5 8. d5 e6 9. Bd3 exd5 10. exd5 Nb4 11. 0-0 Nxd3 12. Qxd3 Bf5 13. Qd2 Ne4 14. Nxe4 Bxe4 15. Ng5 Bf5 16. g4 Bd7 17. Bf4 h6 18. Nf3 Qf6 19. Kg2 g5 20. Bg3 Qg6 21. Nh2 f5 22. f3 Rab8 23. a4 Qf6 24. Ra2 Rbe8 25. b3 Re7 26. Re1 Rfe8 27. Nf1 h5 28. Rxe7 Rxe7 29. Qd1 hxg4 30. hxg4 Bh8 31. Bf2 fxg4 32. fxg4 Re4 33. Nh2 Qg6 34. Qf3 Rf4 35. Qe2 Re4 36. Qf3 Rf4 37. Qe2 Be5 38. Bg3 Re4 39. Qf3 Bxg3 40. Qxg3 Qf6 41. Rf2 Qe7 42. Qf3 Re3 43. Qf6 Qxf6 44. Rxf6 Rxb3 45. a5 Rc3 46. Rxd6 Be8 47. Rd8 Kf7 48. Ra8 Rxc4 49. Rxa7 Ra4 50. Rxb7+ Kf6 51. Rb6+ Ke7 52. a6 c4 53. Nf3 c3 54. Ne5 c2 55. d6+ Kf8 56. Nd3 Ra3 57. Nc1 Ra1 58. Rb8 Kf7 59. Rb7+ Kf6 60. d7 Bxd7 1/2-1/2

[Event "Krakow op-A 29th"]
[Site "Krakow"]
[Date "2019.01.04"]
[Round "9"]
[White "Miroshnichenko, Pavel"]
[Black "Wojciechowski, Piotr"]
[Result "1-0"]
[WhiteElo "2275"]
[BlackElo "2210"]
[PlyCount "127"]
[EventDate "2018.12.27"]
[EventType "swiss"]
[EventRounds "9"]
[EventCountry "POL"]
[SourceTitle "CBM 189 Extra"]
[Source "ChessBase"]
[SourceDate "2019.06.03"]
[SourceVersion "1"]
[SourceVersionDate "2019.06.03"]
[SourceQuality "1"]

1. e4 c5 2. Nf3 e6 3. d4 cxd4 4. Nxd4 Nc6 5. Nc3 Qc7 6. Be2 a6 7. 0-0 Nf6 8. Kh1 Nxd4 9. Qxd4 Bc5 10. Qd3 0-0 11. Bg5 d6 12. Rad1 Bb4 13. Bxf6 gxf6 14. Qg3+ Kh8 15. Qh4 Bxc3 16. Rd3 f5 17. Rxc3 Qd8 18. Qxd8 Rxd8 19. exf5 e5 20. g4 Bd7 21. Bf3 Rac8 22. Bxb7 Rxc3 23. bxc3 Bb5 24. Re1 f6 25. Bd5 Rc8 26. Re3 Rc5 27. Bb3 d5 28. Kg2 Kg7 29. f3 a5 30. a4 Bc4 31. Kg3 Rc6 32. h4 Kf7 33. Rd3 Ke7 34. Bxc4 Rxc4 35. Rxd5 Rxa4 36. g5 Ra1 37. f4 Rg1+ 38. Kf2 Rg4 39. fxe5 fxg5 40. hxg5 Rf4+ 41. Kg3 Rxf5 42. Kg4 Rf2 43. Rxa5 Ke6 44. Ra7 Rh2 45. Rc7 Kxe5 46. Re7+ Kd6 47. Re3 Rxc2 48. Rh3 Rg2+ 49. Kf4 Rf2+ 50. Rf3 Rh2 51. Ke4 Ke7 52. Kf5 Kf7 53. Rf4 Kg7 54. c4 Re2 55. Rd4 Rf2+ 56. Ke6 Re2+ 57. Kd5 Rg2 58. c5 Rxg5+ 59. Kd6 h5 60. c6 Kh6 61. c7 Rg8 62. Kc6 Rg1 63. Rd5 Rg8 64. Kb7 1-0

[Event "Krakow op-A 29th"]
[Site "Krakow"]
[Date "2018.12.31"]
[Round "6"]
[White "Tomczak, Mikolaj"]
[Black "Miroshnichenko, Pavel"]
[Result "0-1"]
[WhiteElo "2442"]
[BlackElo "2275"]
[PlyCount "84"]
[EventDate "2018.12.27"]
[EventType "swiss"]
[EventRounds "9"]
[EventCountry "POL"]
[SourceTitle "CBM 188 Extra"]
[Source "ChessBase"]
[SourceDate "2019.02.26"]
[SourceVersion "1"]
[SourceVersionDate "2019.02.26"]
[SourceQuality "1"]

1. b3 Nf6 2. Bb2 c5 3. f4 Nc6 4. Nf3 g6 5. e3 Bg7 6. Bb5 0-0 7. Bxc6 dxc6 8. 0-0 a5 9. a4 Be6 10. d3 Nd5 11. Bxg7 Kxg7 12. Qe1 f6 13. Nc3 Qb6 14. Ne4 Bf7 15. Qf2 Qa7 16. Rae1 b5 17. c4 Nb4 18. Rd1 Rad8 19. Qe2 Rd7 20. Rd2 Rfd8 21. Rfd1 Qb6 22. h3 bxa4 23. bxa4 Rxd3 24. Rxd3 Rxd3 25. Rxd3 Bxc4 26. Nf2 Nxd3 27. Nd2 Ba6 28. Nxd3 c4 29. Nc1 c3 30. Qe1 cxd2 31. Qxd2 Qb4 32. Qd1 Qc3 33. Kf2 Bc4 34. g4 Qb2+ 35. Kg3 Bd5 36. Ne2 Bb3 37. Qe1 Bxa4 38. Nd4 Qb4 39. Qc1 Bb5 40. f5 Bc4 41. g5 Bd5 42. gxf6+ exf6 0-1